Statistics for Countries Elimination Quiz # 4

Click here to take the quiz!

General Stats

  • This quiz has been taken 941 times
  • The average score is 12 of 16

Answer Stats

County% Correct
African Country Beginning With EEthiopia
94%
African Country Beginning With E | One Word Capital | Population Under 10MillEritrea
90%
African Country Beginning With E | One Word CapitalEgypt
84%
African Country Beginning With E | Contains Every Vowel | Independence From Spain | +2 othersEquatorial Guinea
75%
African Country Beginning With E | Contains Every Vowel | One Word Capital | Population Under 10MillE Swatini
66%
CapitalMalabo
26%

Score Distribution

Percentile by Number Answered

Percent of People with Each Score

Your Score History

You have not taken this quiz